[Event "Stroebeck"]
[Site "Stroebeck"]
[Date "2015.04.14"]
[Round "3"]
[White "Carlstedt, Jonathan"]
[Black "Vogel, Roven"]
[Result "0-1"]
[WhiteElo "2468"]
[BlackElo "2402"]
[Annotator "Schulz,Andre"]
[PlyCount "54"]
[EventDate "2015.04.13"]
[EventType "tourn"]
[EventRounds "9"]
[EventCountry "GER"]
[EventCategory "10"]
[SourceTitle "CBM 166 Extra"]
[Source "ChessBase"]
[SourceDate "2015.06.18"]
[SourceVersion "1"]
[SourceVersionDate "2015.06.18"]
[SourceQuality "1"]

1. e4 d6 2. d4 Nf6 3. Nc3 g6 4. f4 Bg7 5. Nf3 O-O 6. Bd3 Nc6 7. e5 dxe5 8. fxe5
Nh5 9. Be3 Bg4 10. Bc4 ({Die Alternativen sind} 10. Be4 {z.B.:} f6 11. exf6
Nxf6 12. h3 Nxe4 13. hxg4 Nxc3 14. bxc3 Qd5 15. Qd3 e5 16. Ng5 exd4 17. Rxh7
Ne5 18. Rxg7+ Kxg7 19. Qxd4 Qb5 20. O-O-O Rf1 21. c4 Rxd1+ 22. Kxd1 Qd7 23. Kc1
Qxd4 24. Bxd4 Kh6 25. Ne6 Nxc4 26. g5+ Kh5 27. Bf6 Kg4 28. Nxc7 Rc8 29. Nd5 Rc5
30. Ne7 Ne5 31. Kd2 Kh5 32. Ke3 Ng4+ 33. Kd3 Ra5 34. g3 Ra3+ 35. c3 Rxa2 36.
Nd5 Nxf6 37. gxf6 Kh6 38. g4 g5 39. Ne7 Rf2 40. Ke4 Rxf6 41. Ng8+ Kg7 42. Nxf6
Kxf6 43. Kd5 a5 44. c4 a4 45. Kd4 a3 46. Kc3 Ke5 {0-1 (46) Sveshnikov,E (2506)
-Moiseenko,A (2650) Dagomys 2008}) ({und} 10. Be2 {, die beliebteste
Fortsetzung, z.B:} f6 11. exf6 exf6 12. O-O Re8 13. Qd2 Ne7 14. Bc4+ Kh8 15.
Nh4 Nc6 16. Bf2 Ne5 17. Bd5 c6 18. h3 cxd5 19. dxe5 Be6 20. exf6 Nxf6 21. Bd4
Ne4 22. Bxg7+ Kxg7 23. Qd4+ Kg8 24. Nf3 Nxc3 25. Qxc3 Rc8 26. Qd2 Bf5 27. Nd4
Be4 28. c3 Qe7 29. Rf4 Rf8 30. Raf1 a6 31. h4 Rxf4 32. Qxf4 Kg7 33. a4 a5 34.
g4 h6 35. g5 hxg5 36. Qxg5 Re8 37. Kh2 Qd6+ 38. Qg3 Qe7 39. Qf4 Rh8 40. Kg3 Bd3
41. Rf3 Be4 42. Rf2 Re8 43. Qg5 Qd6+ 44. Qf4 Qe7 45. Qg5 {1/2-1/2 (45)
Karjakin,S (2777)-Jones,G (2664) Bilbao 2014}) 10... Kh8 $5 ({Üblicher ist} 
10... Na5 11. Be2 c5) 11. O-O ({Die Stammpartie von 10...Kh8:} 11. Qd2 Bxf3 12.
gxf3 f6 13. f4 fxe5 14. fxe5 Na5 15. Be2 c5 16. d5 Bxe5 17. Bxc5 Rf4 18. Qe3
Bxc3+ 19. Qxc3+ Nf6 20. O-O-O Rc8 21. Bxe7 {1-0 (21) Ostojic,P-Timman,J
Stockholm 1973}) 11... f6 12. e6 $5 {Neuerung.} (12. exf6 exf6 13. h3 Bxf3 14.
Rxf3 f5 15. Ne2 Na5 16. Qd3 Nxc4 17. Qxc4 Qd7 18. c3 Rae8 19. Raf1 Rf6 20. Nf4
Nxf4 21. Bxf4 Rc6 22. Qd3 Rce6 23. Re3 Rxe3 24. Bxe3 Qd5 25. Bf4 c6 26. a3 Re4
27. Qd2 Qe6 28. Kf2 Kg8 29. Re1 Kf7 30. Rxe4 Qxe4 31. Qe3 Ke6 32. Qxe4+ fxe4
33. Ke3 Kd5 34. Kd2 b5 35. Bc7 Bh6+ 36. Kc2 Kc4 37. Be5 Bg5 38. b3+ Kd5 39. a4
Bd8 40. axb5 cxb5 41. Bf4 a5 42. Be3 g5 43. Kb2 h6 44. h4 Be7 45. Kc2 Bf6 46.
h5 Bd8 47. g4 Bb6 48. Kb2 a4 49. Ka3 Ba5 50. Bd2 Bc7 51. Be3 Bd6+ 52. Kb2 a3+
53. Ka2 Be7 54. Kb1 Bd8 55. Ka2 Ba5 56. Bd2 b4 57. cxb4 Bb6 58. Kxa3 Kxd4 59.
Ka4 Kd3 60. Be1 e3 61. Kb5 Bd4 62. Kc6 Bc3 63. Bg3 Bxb4 64. Kd5 e2 65. Bf2 e1=Q
66. Bxe1 Bxe1 67. Ke5 {0-1 (67) Silman,J (2410)-Miles,A (2520) Los Angeles 1989
}) 12... Bxf3 (12... f5 $5) 13. Rxf3 (13. Qxf3 $5 f5 (13... Nxd4 $2 14. Qd1 f5
(14... Nc6 $2 15. g4 $18) 15. g4 $16) 14. Rad1 $14) 13... f5 14. g4 Nf6 (14...
fxg4 15. Rxf8+ Qxf8 16. Qxg4 $11) 15. gxf5 $2 (15. h3 fxg4 16. hxg4 $11) 15...
Ng4 $1 16. Ne2 $2 ({Die taktische Rechtfertigung des letzten schwarzen Zuges
besteht in} 16. fxg6 Rxf3 17. Qxf3 Nxe3 18. Qxe3 Bxd4 $19) ({Nötig war} 16.
Kh1 Nxe3 17. Rxe3 Qxd4 18. Re4 Qxd1+ 19. Rxd1 gxf5 20. Rf4 Rad8 $17) 16... Rxf5
17. Rg3 Nxe3 18. Rxe3 Nxd4 19. Ng3 Rc5 20. Bd3 Nxc2 21. Bxc2 Qd4 $1 22. Nf1 Rf8
23. Kh1 Rxf1+ (23... Qxd1 24. Bxd1 (24. Rxd1 Rxc2 $19) 24... Rxf1+ $19) 24.
Qxf1 Qxe3 25. Qf7 {Eine Falle, ...} ({Objektiv zäher war} 25. Re1 Qh6 (25...
Qd4 $4 26. Rd1 $18) 26. Re2 Bf6 $19) {in die Schwarz,...} 25... Rf5 $1 26. Bxf5
(26. Qe8+ Rf8 27. Qb5 Qf3+ 28. Kg1 Bd4#) 26... Qf3+ {nicht hereinfällt.} (
26... gxf5 $4 27. Qe8+ Bf8 28. Qxf8#) 27. Kg1 Bd4# 0-1

[Event "Olympiad-30"]
[Site "Manila"]
[Date "1992.06.18"]
[Round "10.1"]
[White "Shirov, Alexei"]
[Black "Hulak, Krunoslav"]
[Result "1-0"]
[WhiteElo "2655"]
[BlackElo "2515"]
[Annotator "Shirov,A"]
[PlyCount "61"]
[EventDate "1992.06.08"]
[EventType "team-swiss"]
[EventRounds "14"]
[EventCountry "PHI"]
[SourceTitle "CBM 030"]
[Source "ChessBase"]
[SourceDate "1992.10.01"]
[SourceVersion "1"]
[SourceVersionDate "1992.10.01"]
[SourceQuality "1"]
[WhiteTeam "Latvia"]
[BlackTeam "Croatia"]
[WhiteTeamCountry "LAT"]
[BlackTeamCountry "CRO"]

1. d4 d6 2. e4 Nf6 3. Nc3 g6 4. f4 Bg7 5. Nf3 c5 6. Bb5+ Bd7 7. Bxd7+ $5 (7. e5
Ng4 8. e6 fxe6 9. Ng5 Bxb5 $10 {Shirov,A-Khalifman,A/Groningen/1990/1/2-1/2/20/
-> CBM21 [King] Prie,E-Chabanon,JL/FRA-ch/1991/1-0/74/    -> CBM27 [Stohl]})
7... Nfxd7 (7... Nbxd7 $1 8. e5 (8. d5 O-O 9. O-O b5 $13) 8... Nh5 9. exd6 (9.
g4 $2 Nxf4 $1 10. Bxf4 cxd4 $17) 9... O-O 10. O-O exd6 11. dxc5 dxc5 12. f5 Ne5
$10 {Sax,G-Ehlvest,J/Haninge/1990/1/2-1/2/15/  -> CBM18 [King]}) 8. d5 Na6 9.
Qe2 O-O 10. O-O e6 $6 (10... Nc7 $142 11. Rd1 a6 12. a4 b5 $1 13. axb5 axb5 14.
Rxa8 Qxa8 15. Nxb5 Qa6 16. Nc3 Bxc3 17. Qxa6 Nxa6 18. bxc3 Rb8 $44) 11. dxe6
fxe6 12. Rd1 Nb6 (12... Qe7 $2 13. Qd3) (12... Qb6 13. Qd2 $16) 13. a4 Nc7 14.
e5 (14. a5 $142 Nc8 15. e5 d5 16. Ne4 Qe7 17. Neg5 $16 {/\ 18.c4}) 14... d5 15.
Ne4 Qe7 16. Nd6 Ne8 17. a5 Nd7 $6 (17... Nc8 18. Nxe8 Qxe8 19. Qf2 $1 (19. c4
Ne7) 19... c4 $5 (19... Qc6 20. Qh4 $1 $16) 20. Qh4 $1 Qe7 (20... Ne7 21. Ng5
h6 22. Nxe6 Nf5 23. Nxg7 $18) 21. Qh3 $1 Re8 22. Be3 $14) 18. Nxe8 Rfxe8 19. c4
d4 20. Ng5 Nb8 21. Ra3 Nc6 (21... Bh6 22. Ne4 Bg7 23. Nd6 Rd8 24. Qe4 $18) 22.
Rh3 h6 23. Ne4 $18 Rad8 24. Rdd3 Qf7 25. Bd2 b6 (25... Ne7 26. Nxc5 $18) 26.
axb6 axb6 27. Nd6 Rxd6 28. exd6 Nb8 (28... Rd8 29. Rb3 $18) 29. Ra3 Kh7 30. Qe4
Bf8 31. Rhb3 1-0

[Event "Madrid Magistral 6th"]
[Site "Madrid"]
[Date "1997.05.26"]
[Round "5"]
[White "Shirov, Alexei"]
[Black "Beliavsky, Alexander G"]
[Result "1/2-1/2"]
[WhiteElo "2690"]
[BlackElo "2665"]
[Annotator "Shirov,A"]
[PlyCount "91"]
[EventDate "1997.06.??"]
[EventType "tourn"]
[EventRounds "9"]
[EventCountry "ESP"]
[EventCategory "17"]
[SourceTitle "CBM 059"]
[Source "ChessBase"]
[SourceDate "1997.08.01"]
[SourceVersion "1"]
[SourceVersionDate "1997.08.01"]
[SourceQuality "1"]

1. e4 d6 2. d4 Nf6 3. Nc3 g6 4. f4 Bg7 5. Nf3 c5 6. Bb5+ Bd7 7. Bxd7+ Nfxd7 8.
d5 b5 9. Qe2 b4 10. Nd1 Nb6 11. O-O O-O 12. Nf2 $5 $146 (12. c4 bxc3 13. Nxc3
Qc8 $1 $132 {/\Qc8-a6 Martinovic-Jansa (Lingen 1988)}) 12... Qc8 13. Re1 $6 (
13. f5 $5 Qa6 14. Qe1 $13) 13... a5 (13... Qa6 $1 14. Qd1 Qc4 $15) 14. Rb1 e6
$6 (14... N8d7 $142) 15. c4 $1 $14 bxc3 (15... exd5 16. exd5 $14 Qf5 $140 17.
Ne4) 16. bxc3 Qa6 $6 (16... Na4 17. Qc2 Nxc3 18. Rb3 exd5 19. Rxc3 Bxc3 20.
Qxc3 d4 21. Qd2 $1 $14) 17. dxe6 $1 Qxe2 (17... Bxc3 18. Bb2 $3 Qxe2 (18...
Bxe1 19. Ng4 $18) 19. Rxe2 Bxb2 20. Rexb2 Na4 21. exf7+ Kg7 (21... Kxf7 22.
Rb7+ $18) 22. Rb7 Nc6 23. Ng5 Nd4 24. f5 $18) (17... fxe6 18. Qd1 $16) 18. Rxe2
Na4 19. Rd2 $2 (19. exf7+ Rxf7 20. Rc2 $16) 19... fxe6 $2 (19... Nxc3 20. Rb7
Nc6 21. Rxd6 Nd8 22. exf7+ Nxf7 23. Rdd7 Ne2+ 24. Kf1 Nxc1 25. Ng5 Nxa2 26. g3
$1 Rad8 27. Rxf7 Rxf7 28. Rxf7 $14) 20. Ng5 Re8 (20... Nxc3 21. Rb7 $1 Bd4 22.
Rxd4 $1 Ne2+ 23. Kf1 Nxd4 24. Ng4 $18) 21. Rxd6 Nxc3 22. Rb7 $1 $18 Ra6 (22...
Ne2+ 23. Kf1 Nxc1 24. Nxe6 Rxe6 25. Rxe6 Na6 26. Ree7 Bf8 27. Rxh7 $18) 23.
Rxa6 Nxa6 24. Rxg7+ $1 Kxg7 25. Bb2 h6 26. Bxc3+ Kf8 27. Nh7+ $2 (27. Nf3 Rb8
28. Nd2 $18) 27... Ke7 28. Ng4 Nb4 29. a3 Nd3 30. Nxh6 (30. g3 $5) 30... Nxf4
$132 31. Bf6+ Kd6 32. Nf7+ Kc6 33. a4 c4 34. Kf2 Kc5 35. Bc3 $2 $138 (35. Kf3
$1 Nd3 36. Bc3 $18) 35... Rb8 36. Nf6 Rb7 $1 37. Ne5 Rb3 38. Bxa5 Nd3+ $1 39.
Nxd3+ Rxd3 40. Ke2 Ra3 41. Be1 Kd4 42. Bf2+ Ke5 43. Bh4 Rxa4 44. Nd7+ Kd6 45.
Nf8 Ke5 46. Nd7+ 1/2-1/2

[Event "Capablanca Memorial-13 Group A "]
[Site "Cienfuegos"]
[Date "1976.05.22"]
[Round "6"]
[White "Sigurjonsson, Gudmundur"]
[Black "Vogt, Lothar"]
[Result "1-0"]
[WhiteElo "2530"]
[BlackElo "2480"]
[Annotator "Sigurjonsson,G"]
[PlyCount "85"]
[EventDate "1976.05.17"]
[EventType "tourn"]
[EventRounds "17"]
[EventCountry "CUB"]
[EventCategory "9"]
[SourceTitle "EXT 2000"]
[Source "ChessBase"]
[SourceDate "1999.11.16"]
[SourceVersion "1"]
[SourceVersionDate "1999.11.16"]
[SourceQuality "1"]

1. e4 g6 2. d4 Bg7 3. Nc3 d6 4. f4 Nf6 5. Nf3 c5 6. Bb5+ Bd7 7. e5 Ng4 8. h3
cxd4 9. Qxd4 dxe5 10. Qd5 e4 11. Ng5 Nh6 12. Qxb7 Bxc3+ 13. bxc3 Bxb5 14. Qxa8
$5 (14. Qxb5+ Qd7 15. Qxd7+ Nxd7 16. Nxe4 $14) 14... Bc6 (14... Qc7 $2 15. Rb1
$1 Qxc3+ 16. Bd2 Qg3+ 17. Kd1 Be2+ 18. Kxe2 Qxg2+ 19. Kd1 Qxh1+ 20. Be1 $18)
15. Qxa7 O-O (15... Nf5 16. g4 $14) 16. g4 $1 $16 Qd5 {[/\ f6]} 17. Ba3 Rd8 (
17... f6 $2 18. Qxe7 $18) 18. Qd4 Qa5 19. Qc5 (19. Bb4 $5) 19... Qa4 20. Rd1
Re8 21. Rh2 Nd7 22. Qb4 Qa7 23. Re2 $1 Qg1+ (23... e5 24. Nxe4 exf4 $2 25. Nf6+
Nxf6 26. Rxe8+ Nxe8 27. Qf8#) 24. Kd2 Qg3 25. Rf1 Nf6 $6 26. Qc5 $1 Bb7 27. Qe3
$18 Qxe3+ 28. Rxe3 e6 29. c4 Ba6 30. Nxe4 Nxe4+ 31. Rxe4 f5 32. gxf5 Nxf5 33.
Rb1 Kf7 34. Rb6 Bc8 35. c5 Rd8+ 36. Kc1 Ng3 37. Ra4 Ne2+ 38. Kb2 Rd5 39. Ra8
Bd7 40. c6 Bxc6 41. Rxc6 Rb5+ 42. Ka1 Nd4 43. Rc7+ 1-0

[Event "Syre Memorial op 30th"]
[Site "Issy les Moulineaux"]
[Date "2007.05.19"]
[Round "4"]
[White "Simon, Olivier"]
[Black "Bernard, Christophe"]
[Result "1/2-1/2"]
[WhiteElo "2384"]
[BlackElo "2336"]
[Annotator "Simon,O"]
[PlyCount "38"]
[EventDate "2007.05.17"]
[EventType "swiss"]
[EventRounds "6"]
[EventCountry "FRA"]
[SourceTitle "EXT 2008"]
[Source "ChessBase"]
[SourceDate "2007.11.25"]
[SourceVersion "1"]
[SourceVersionDate "2007.11.25"]
[SourceQuality "1"]

1. e4 g6 2. d4 Bg7 3. Nc3 d6 4. f4 Nc6 5. Be3 (5. Bb5 {Lobron,E (2575)
-Azmaiparashvili,Z (2630) Groningen PCA 1993 (4) 1-0}) 5... Nf6 6. Be2 (6. Nf3)
6... O-O 7. Nf3 Ng4 (7... a6) (7... e6) 8. Bg1 e5 9. d5 Ne7 10. h3 Nf6 (10...
Nh6 {Bednarski,J-Gaprindashvili,N Goglidze mem 1971 1/2}) 11. fxe5 dxe5 12. g4
$1 Qd6 (12... a6 {Sznapik,A (2365)-Razuvaev,Y (2490) Rubinstein mem (10) 0-1})
13. Nd2 $146 {[%cal Gd2c4]} (13. Nb5 $143 {Chandler,P-Emmerich,D Hessen-ch MVT
(1) 1-0}) 13... Ne8 (13... Qb4 $2 14. a3 $1 Qd6 (14... Qxb2 $4 15. Na4 $18) 15.
Nc4 Qd8 16. Qd2 $16) 14. Nc4 Qf6 15. Be3 Bh6 $1 16. Rf1 Qh4+ 17. Bf2 $16 Qf6
18. Bd4 (18. Bg3 $1 Bf4 19. Rxf4 $1 (19. Bxf4 exf4 20. Qd2 Qh4+ 21. Rf2 g5 22.
e5 $14) 19... exf4 20. e5 Qg7 21. Bxf4 g5 22. Bg3 $16) 18... Qh4+ 19. Bf2 Qf6
1/2-1/2

[Event "Tel Aviv super 1st"]
[Site "Tel Aviv"]
[Date "1999.05.13"]
[Round "3"]
[White "Sutovsky, Emil"]
[Black "Smirin, Ilia"]
[Result "0-1"]
[WhiteElo "2612"]
[BlackElo "2652"]
[Annotator "Smirin,I"]
[PlyCount "114"]
[EventDate "1999.05.11"]
[EventType "tourn"]
[EventRounds "9"]
[EventCountry "ISR"]
[EventCategory "14"]
[SourceTitle "CBM 071"]
[Source "ChessBase"]
[SourceDate "1999.08.01"]
[SourceVersion "1"]
[SourceVersionDate "1999.08.01"]
[SourceQuality "1"]

1. e4 {Hecht. Tyomkin,D} g6 2. d4 Bg7 3. Nc3 d6 4. f4 Nf6 5. Nf3 O-O 6. Bd3 Nh5
$5 $146 {Almost all possible moves were tried in this position,except this one!
} (6... e6) (6... Nfd7) (6... b6) (6... a6) (6... Re8) 7. O-O {There are some
other options for white in this position:} (7. Be3) (7. f5 $5) 7... Bg4 8. Be3
{aimed against e7-e5.} (8. Be2 $142 $1) 8... e5 $1 {breaking whites pawn
centre.} 9. dxe5 dxe5 10. fxe5 (10. f5 Nc6 11. h3 Bxf3 12. Qxf3 Nd4 $132) 10...
Nc6 11. Be2 Nxe5 12. Qxd8 Raxd8 13. Nxe5 Bxe2 14. Rxf7 {[%mdl 64] The
beginning of the tactical struggle.} (14. Nxe2 Bxe5 $15 {[%csl Ye4,Ge5] Blacks
advantage is obvious:control over d-file,the outpost on-e5,before e4-pawn,
better pawn structure.}) (14. Nxf7 Rxf7 15. Rxf7 Bxc3 16. Rxc7 (16. Rf2 $2 Bxb2
17. Rb1 Ba6 {[%csl Rg1]}) 16... Bxb2 17. Rb1 Ba6 $1 {[%csl Rg1][%cal Yb2e5]} (
17... Be5 18. Rcxb7)) 14... Rfe8 $1 {[%mdl 64]} 15. Rxg7+ $1 {[%mdl 64]} (15.
Nxe2 Rxe5 16. Rxc7 Rxe4 17. Bg5 Rde8 $19) (15. Rf2 Bxe5 16. Nxe2 (16. Rxe2 $2
Bxc3 17. bxc3 Rxe4) 16... Bxb2 17. Rb1 Rxe4 $15) 15... Nxg7 (15... Kxg7 16.
Nxe2 Rxe5 17. Bd4 $11) 16. Bg5 Rd6 (16... Rc8 17. Nd7 {[%cal Gd7f6]}) 17. Nxe2
Rxe5 18. Bf4 Rxe4 19. Bxd6 Rxe2 (19... cxd6 $6 20. Nc3 {allows white to get an
ending with better pawn structure.}) 20. Bxc7 {[%mdl 4096]} Rxc2 {White has a
bishop against knight in the ending,but much more importent thing is the
activity of blacks rook. Hecht: '[#] Zusätzliches Studienmaterial: Vorschlag
für bessere Verteidigung Der schwarze Turm steht beherrschend und bedeutet
mehr als nur Kompensation für den in derartigen Stellungen sonst starken
Läufer. '} 21. Bb8 (21. Be5 $142) 21... a6 22. Rd1 $2 {'!?' Hecht.  White
tries to creat threats over blacks king,but the right idea was to equalize by
following:  Hecht: 'Ich hätte versucht, Material nur unter günstigeren
Umständen herzugeben. Mein Vorschlag:'} (22. Be5 $142 Nf5 23. g3 $11 (23. Re1
Nh4 (23... Kf7 {Hecht} 24. Bc3 {[%cal Ye1e4,Ye4b4,Ya2a4] und Weiß lebt, wie
ich meine.}) 24. Bg3 Nxg2 25. Re4 {'<=>' Hecht.} (25. Re7 $132) 25... g5) (23.
Kh1 Ne3 24. Rg1 Nc4 25. Bd4 Nxb2)) 22... Rxb2 23. Be5 (23. Rd8+ Kf7 24. Rd7+
Kf6 25. Rxg7 $140 $2 {'?' Hecht.} (25. Be5+ {Hecht} Kxe5 26. Rxg7 b5 $19) 25...
Rb1+ {'-+' Hecht.}) 23... Rb5 (23... Rxa2 24. Rd7 Nf5 25. Rxb7 a5 $17) 24. Bc3
(24. Rd8+ Kf7 25. Rd7+ Ke6 26. Rxg7 Kxe5 27. Rxh7 Rb2 $17) 24... Ne6 $17 {
White doesn't have any compensation for lost pawn.} 25. Rd6 Nc5 26. g4 Kf7 27.
Rd8 Ne4 28. Bh8 {The alternative was only to go to-e1!.} (28. Bd4 $2 Rb1+ 29.
Kg2 Rd1 {[%cal Rd1d8]}) 28... Nf6 29. h3 Ke6 30. Rf8 Nd7 31. Re8+ Kf7 32. Rd8
Rd5 33. Kg2 Rd2+ 34. Kg3 Rd3+ 35. Kf4 $2 {loses another pawn.} (35. Kh4 $2 h6 {
[%csl Rh4][%cal Gg6g5]}) (35. Kg2 $142 $17) 35... Ke7 36. Rg8 Rxh3 $19 37. g5
b5 38. Bb2 a5 39. Ra8 Rh2 40. Bd4 Rxa2 41. Ke4 b4 42. Ra7 b3 43. Kd5 a4 (43...
b2 $2 44. Rb7) 44. Bc3 (44. Bc5+ Ke8 45. Ra8+ Kf7 46. Ra7 Rd2+ 47. Bd4 Ke7 $19
{and then like in the game.} 48. Rxa4 $140 Nb6+) 44... Rc2 45. Bf6+ Ke8 46.
Ra8+ Kf7 47. Ra7 Rd2+ 48. Bd4 Ke7 49. Rb7 b2 $1 {[%mdl 4096] just a
transformation to convenient ending:N+2extra pawns against B.} 50. Rxb2 Rxb2
51. Bxb2 Nf8 {[%cal Gf8e6]} 52. Ba3+ Kf7 53. Bb2 Ne6 54. Bc1 (54. Bf6 h5 {
[%csl Rf6]} (54... h6)) 54... Nxg5 $3 {[%mdl 4096] Another great move.It
creates 3 passed pawns,and white is not capable to stop them.} 55. Bxg5 a3 56.
Bd2 a2 57. Bc3 h5 (57... h5 58. Ke5 h4 59. Kf4 g5+ 60. Kg4 (60. Kxg5 h3 61. Be5
h2 (61... a1=Q)) 60... Ke6 {[%cal Ge6d5,Gd5c4,Gc4b3]}) 0-1

[Event "Olympiad-31"]
[Site "Moscow"]
[Date "1994.12.14"]
[Round "13.3"]
[White "Bareev, Evgeny"]
[Black "Speelman, Jonathan S"]
[Result "1/2-1/2"]
[WhiteElo "2675"]
[BlackElo "2600"]
[Annotator "Speelman,J"]
[PlyCount "81"]
[EventDate "1994.12.01"]
[EventType "team-swiss"]
[EventRounds "14"]
[EventCountry "RUS"]
[SourceTitle "CBM 045"]
[Source "ChessBase"]
[SourceDate "1995.04.01"]
[SourceVersion "1"]
[SourceVersionDate "1995.04.01"]
[SourceQuality "1"]
[WhiteTeam "Russia"]
[BlackTeam "England"]
[WhiteTeamCountry "RUS"]
[BlackTeamCountry "ENG"]

1. d4 {Stohl Hecht} d6 2. e4 Nf6 3. Nc3 g6 4. f4 Bg7 5. Nf3 c5 6. dxc5 Qa5 7.
Bb5+ $5 (7. Bd3 {Stohl} Qxc5 8. Qe2 Bg4 9. Be3 Qa5 10. O-O Nc6 11. h3 Bxf3 12.
Qxf3 O-O 13. a3 Nd7 14. Bd2 Qd8 $5 15. Kh1 e6 16. Qg3 a6 17. f5 Be5 18. Bf4 Nf6
19. Bxe5 Nxe5 20. Qh4 Kg7 21. Ne2 h6 22. Nd4 $6 (22. fxe6 fxe6 23. Nd4 $13)
22... exf5 23. exf5 g5 24. Qf2 Qc7 25. Rad1 Rae8 26. c3 Re7 $17 {van de Poel,
H-Chernin,A/San Bernardino op/1994/}) 7... Bd7 8. Qe2 (8. Bxd7+ {Stohl} Nbxd7
9. O-O Qxc5+ 10. Kh1 O-O 11. Qe2 Rac8 (11... a6 12. Be3 Qc7 13. Rad1 b5 14. e5
dxe5 15. fxe5 Nxe5 16. Bf4 Nfg4 17. h3 Qc4 $1 18. Qxc4 Nxc4 19. hxg4 Nxb2 20.
Nd5 Nxd1 21. Nxe7+ Kh8 22. Rxd1 Rad8 23. Rxd8 Rxd8 24. Kg1 Rd1+ 25. Kf2 Ra1 26.
Ne5 h6 $15 {Morais,M-Agnos,D/Arnhem EU-chJ/1989/}) 12. Be3 Qc4 $15 {Honfi,
K-Hort,V/Monaco/1969/}) 8... Nxe4 9. Bxd7+ (9. Qxe4 {Stohl} Bxb5 10. Qxb7 O-O
$17) 9... Nxd7 10. Qxe4 (10. cxd6 {Stohl} Bxc3+ 11. bxc3 Qxc3+ $19) 10... Bxc3+
11. bxc3 (11. Bd2 {Stohl} Nxc5 12. Bxc3 Qxc3+ $19) 11... Qxc3+ 12. Kf2 Qxa1 13.
Qxb7 (13. cxd6 O-O) 13... Rb8 14. Qc7 (14. Qxa7 $2 {Stohl} Qc3 15. cxd6 Qxc2+
16. Kg3 Qc5 $16 17. Qxc5 Nxc5 18. Re1 Ne6 $19) 14... Qb1 $1 (14... O-O $5 15.
Qxd7 Rb1 16. Qxe7 Rxc1 17. Rxc1 Qxc1 18. cxd6) (14... Qc3 $2 {Stohl} 15. c6
Qxc2+ 16. Bd2 $16) (14... dxc5 $2 {Stohl} 15. Ne5 $16) 15. cxd6 (15. c6 {Stohl}
Qb6+ 16. Qxb6 Nxb6 $17) 15... Qb6+ 16. Qxb6 Rxb6 17. dxe7 f6 $1 (17... Kxe7 18.
Ba3+ (18. Re1+) (18. Re1+ {Stohl} Re6 19. Ba3+ Ke8 20. Rb1 (20. Rxe6+ fxe6 21.
Ng5 e5 $17) 20... Nb6 21. c4 $5 $17 {<=>}) 18... Kd8 19. Ng5 (19. Ng5 Re8 20.
Nxf7+ Kc7 $36)) 18. Ba3 Ra6 19. Bb4 Rxa2 20. Nd4 Kf7 (20... a5 21. Bd6 Kf7 22.
Rb1 $5 (22. Re1) 22... Rc8 23. Rb7 Ke8 $13) 21. Re1 (21. Nb5 a5 22. Re1 $1 {
see below} (22. Nd6+ Kxe7 23. Re1+ Ne5 $1 $19 (23... Kf8 24. Re8+ Kg7 25. Re7+)
(23... Kd8 24. Nf7+))) 21... Nb6 (21... a5 $5 22. Nb5 (22. Bd6 Nb6 {xBd6} 23.
Re2 (23. Bc7 $2 Nc8 24. Bd8 Re8) (23. Kf3 Nc8 24. Bc5 (24. Nb5 {Stohl} Rxc2 $17
) 24... Re8 25. Nb5 {Is the same as the line above.}) 23... Re8 24. Nb5 Nc8 25.
Bc5 Ra4 26. Kf3 (26. Nc7 $2 Rxf4+) 26... Rc4 27. Ba3 Rc6) 22... axb4 23. Nd6+
Kg7 24. e8=Q (24. Kf3 $1 Rxc2 (24... Ra6 25. Rd1 $1) 25. e8=Q Rxe8 26. Rxe8 Nc5
27. Re7+ Kf8 28. Re8+ $10) 24... Rxe8 25. Nxe8+ (25. Rxe8 $2 b3 $1 26. Re7+ Kg8
27. Rxd7 $2 (27. Ke3 bxc2 (27... b2 28. Re8+ Kg7 29. Re7+ Kh6 $19) 28. Kd2 Nc5)
27... bxc2) 25... Kf8 26. Kf3 (26. Re2 b3 $1) 26... Ra3+ 27. Kf2 (27. Kg4)
27... Ra6 {trying to trap the knight but it can run via e6 with advantage.} 28.
Nc7 Rc6 29. Ne6+ $1) 22. Kf3 $1 (22. Nb5 $2 Rxc2+ 23. Kf3 Nc8) 22... Re8 (22...
Nc8 23. c3 a6 $5) 23. Nb5 Nc8 24. Nc7 (24. c3) (24. Re2 Rb2 $1) 24... Rxc2 (
24... a5 25. Nxe8 Kxe8 (25... axb4 $2 26. Nxf6 $1 Nxe7 27. Nxh7) 26. Bd2 (26.
Bc3 Ra3 27. Re3 Nxe7)) (24... Rxe7 {Stohl} 25. Bxe7 Nxe7 26. c4 Rc2 27. Nd5 $10
) 25. Nxe8 Kxe8 26. Rd1 Nxe7 27. Bxe7 Kxe7 28. Ra1 $10 {Hecht: Blacks R and K
are too passive posted for a win.} Rc7 29. f5 (29. g4) (29. Ra6 {Hecht} f5 30.
Ke3 Kd7 $17) 29... gxf5 (29... Kd6 30. Ra6+ Ke5 31. Ra5+ $1 {Bareev}) (29... g5
{Stohl} 30. Ra6 $10 {><a7,f6}) 30. Kf4 Kf7 31. Ra5 (31. Kxf5 $4 Rc5+ 32. Kf4 a5
) 31... Kg6 32. h3 h5 33. g3 Rc4+ (33... Rd7 {Stohl} 34. Ra6 $10) 34. Kf3 Rc3+
(34... h4 {Stohl} 35. gxh4 Rxh4 36. Rxa7 Rxh3+ 37. Kf4 $10 {-34...Rc3+}) 35.
Kf4 h4 36. gxh4 Rxh3 37. Rxa7 Rxh4+ 38. Kf3 Rh1 $2 (38... Rh3+ 39. Kf4 Rh1 40.
Ra8 Rf1+ 41. Kg3 f4+ 42. Kg2 Re1 (42... Rb1 43. Kf3 Kg5 44. Ra5+ f5 45. Ra8 $10
) 43. Kf3 Kg5 $15) 39. Ra8 Rf1+ 40. Kg2 Rb1 41. Kf3 (41. Kf3 {Stohl} Rb4 42.
Rg8+ Kf7 43. Ra8 $10) 1/2-1/2